|
|
|
|
| LEADER |
00947nam a22002532a 4500 |
| 001 |
000071593 |
| 003 |
CZ BrMZK |
| 005 |
20240724065953.0 |
| 007 |
ta |
| 008 |
950407s1924 xr a f 000 0 cze d |
| 015 |
|
|
|a cnb000589378
|
| 035 |
|
|
|a (OCoLC)3422542
|
| 040 |
|
|
|a BOA001
|b cze
|
| 100 |
1 |
|
|a Birnbaum, Vojtěch,
|d 1877-1934
|7 jk01012144
|4 aut
|
| 245 |
1 |
0 |
|a Románská renesance koncem středověku /
|c Vojtěch Birnbaum
|
| 260 |
|
|
|a Praha :
|b J. Štenc,
|c 1924
|
| 300 |
|
|
|a 46 s. :
|b il. ;
|c 20 cm
|
| 856 |
4 |
1 |
|u https://kramerius.lib.cas.cz/uuid/uuid:833dd424-ba55-4680-b52d-23e561aa6bc8
|y Digitální knihovna AV ČR
|
| 910 |
|
|
|a BOA001
|b PK-0011.215
|b 1-0157.008
|
| 964 |
|
|
|a Renesance románská - studie
|
| 990 |
|
|
|a BK
|
| 993 |
|
|
|a Y
|
| 996 |
6 |
|
|b 2619953800
|c 1-0157.008
|l MZK
|r Sklad / do 1 hodiny
|n 10
|w 000071593
|u 000020
|a 1
|e BOA001
|j MZK50
|s P
|
| 996 |
7 |
|
|b 3119965051
|c PK-0011.215
|l MZK
|r Sklad / do 1 hodiny
|n 10
|w 000071593
|u 000010
|a 1
|e BOA001
|j MZK50
|s A
|